000 00299nam a22001337a 4500
008 170307b xxu||||| |||| 00| 0 eng d
020 _a30030000173725
041 _aeng
080 _a611
100 _a6
101 _aSHM
245 _aMAYO CLINIC FAMILY HEALTH BOOK
_cLARSON, D.E
942 _2udc
_cBK
999 _c7023
_d7023